000 00903nam a2200253 c 4500
001 a5421716
003 CO-ViMGA
005 20230915224039.0
008 131030s2013 sp a | |||| 000 1 spa
020 _a9788490244524
040 _aCO-ViMGA
_bspa
_cCO-ViMGA
041 1 _heng
082 _a741.5
_bB78r
245 0 0 _aRenacimiento :
_bprólogo /
_cEd Brubaker, [guión] ; Luke Ross, [dibujo] ; [traducción, Gonzalo Quesada]
260 _aTorroella de Montgrí, Girona
_bPanini Cómics ;
_aSanta Perpẗua de Mogoda [Barcelona]
_bdistribución, SD Distribuciones
_cD.L. 2013.
300 _a[144] p.
_bprincipalmente il. col.
_c28 cm.
490 0 _aCapitán América
_v9
490 0 _aMarvel deluxe
650 1 4 _a Tiras comicas, historietas, etc.
_92479
650 1 4 _aComics
_9284
700 1 _aBrubaker, Ed
_d1966-
_98870
700 1 _aRoss, Luke
_d1972-
_edibujante
_99111
942 _2ddc
_cBK
999 _c11166
_d11166